000 00633nam a2200253Ia 4500
003 OSt
005 20221006145023.0
006 a|||||r|||| 00| 0
007 ta
008 221006b |||||||| |||| 00| 0 eng d
020 _c75.00
024 _a13,530
037 _cTextual
040 _aEASL
_cEASL
_beng
041 _2eng
_aeng
082 _aV491:191(zG).N79, M1
100 _aMISRA K P
245 0 _aAfghanistan in crisis
260 _aDelhi
_bViaks Pub.
_c1981
300 _a150p.
_ccm.
490 _v Oth
942 _hV491:191(zG).N79, M1
_cTEXL
_2CC
999 _c1081616
_d1081616